Elements de metrologie generale et de metrologie legale /

Guardado en:
Autor Principal: Defix, Aime.
Autor Corporativo: Ecole nationale superieure du petrole et des moteurs (France). Centre d'etudes superieures de raffinage et de genie chimique.
Formato: Libro
Idioma:French
Publicado: Paris : Editions Technip, 1967.
Series:Institut francais du petrole
Materias:
Etiquetas: Agregar Etiqueta
Sin Etiquetas, Sea el primero en etiquetar este registro!
LEADER 00802nam a22002055a 4500
001 EIQ.libpla000292
008 051129s1967####fr#a##########000#0#fre#d
005 20060330191748.0
245 1 0 |a Elements de metrologie generale et de metrologie legale /  |c A. Defix. 
260 |a Paris :  |b Editions Technip,  |c 1967. 
300 |a 201 p. :  |b il. ;  |c 24 cm. 
440 0 |a Institut francais du petrole 
100 1 |a Defix, Aime. 
710 2 |a Ecole nationale superieure du petrole et des moteurs (France).  |b Centre d'etudes superieures de raffinage et de genie chimique. 
650 4 |a Pesos y medidas  |x Elementos. 
650 4 |a Metrología  |x Normas. 
650 4 |a Metrology  |x Standardization. 
650 4 |a Weights and measures  |x Elements. 
040 |a AR-BbSID  |b spa  |c AR-BbSID 
859 |a AR-BbSID  |b BIB. PLAPIQUI  |h 389  |i Def 361  |p 1750